Statistics for Can you name the capital cities of Kylaris?

Click here to take the quiz!

General Stats

  • This quiz has been taken 21 times
    (16 since last reset)
  • The average score is 27 of 53

Answer Stats

CountryCapital% Correct
TsabaraAdunis
100%
KesselbourgKesselbourg
100%
MontecaraMontecara
100%
GaullicaVerlois
100%
SenriaKeisi
89%
EstmereMorwall
89%
Hennehouwes'Holle
89%
ZorasanZahedan
89%
AmathiaArciluco
78%
CaldiaSpálgleann
78%
TibernumTibernum
78%
WeraniaWestbrücken
78%
AzmaraAalmsted
67%
AimiliaKakzazna
67%
KumusoKumuso
67%
MaracaoPorto Leste
67%
EtruriaPoveglia
67%
XiaodongRongzhuo
67%
SoraviaSamistopol
67%
AlslandYndyk
67%
HallandAvelon
56%
East MiersaDynsk
56%
BaekjeongSangang
56%
DezevauBazadavo
44%
Imagua and the AssimasCuanstad
44%
GaleniaKartha
44%
TengariaLenovo
44%
GaramburaMutimukuru
44%
GapolaniaNassea
44%
CassierNouvelle-Rayenne
44%
SataviaPort Hope
44%
VinaliaVinalinsk
44%
GeatlandBlaastad
33%
BelmonteCastelonovo
33%
RwizikuruGuta raMambo
33%
EldmarkHammarvik
33%
KireniaHarimisaareke
33%
AucuriaKalnaspilis
33%
NuvaniaPietersburg
33%
West MiersaWest Zobrodz
33%
PiraeaAlikianos
22%
AjahadyaBanabadura
22%
RadushiaChrivotava
22%
KathastanGopura
22%
KadariaIspandikyan
22%
KantemoshaKoskunen
22%
ZaralajaMontes
22%
NuxicaSant Picano
22%
VedmedTsivebi
22%
LatogDalampasig
11%
YemetGirota
11%
MasariKanyabahayadha
11%
RajyagharKinadica
11%

Score Distribution

Percentile by Number Answered

Percent of People with Each Score

Your Score History

You have not taken this quiz since the last reset